| 000 | 00367nam a2200145Ia 4500 | ||
|---|---|---|---|
| 008 | 150201s1987 xx 000 0 und d | ||
| 082 |
_a610.03 _bM1987C |
||
| 100 | _aCHURCHILL LIVINGSTONE | ||
| 245 | _aPOCKET MEDICAL DICTIONARY | ||
| 250 | _a4TH | ||
| 260 |
_bCHURCHILL LIVINGSTONE _aEDINBURGH _c1987 |
||
| 300 | _a1-380 | ||
| 650 | _aDICTIONARIES | ||
| 942 |
_2ddc _cBK |
||
| 999 |
_c3965 _d3965 |
||